Le tourisme en Hongrie

Αποθηκεύτηκε σε:
Λεπτομέρειες βιβλιογραφικής εγγραφής
Συγγραφή απο Οργανισμό/Αρχή: Service d'information du tourisme,Budapest
Μορφή: Βιβλίο
Γλώσσα:French
Δημοσίευση: Paris : Centre des hautes etudes touristiques, 1969
Σειρά:Cahiers du tourisme. Serie B ; ; 9
Θέματα:
Ετικέτες: Προσθήκη ετικέτας
Δεν υπάρχουν, Καταχωρήστε ετικέτα πρώτοι!

MARC

LEADER 00000nam a2200000 i 4500
001 1/19002
008 960621s1969 fre d
035 |l 10021116 
040 |a GR-MY-UA  |b gre  |e aacr 
041 0 |a fre 
082 0 |a 338.4791 
110 2 |a Service d'information du tourisme,Budapest. 
245 1 3 |a Le tourisme en Hongrie 
260 |a Paris :   |b Centre des hautes etudes touristiques,   |c 1969 
300 |a 60 p. 
490 1 |a Cahiers du tourisme. Serie B  |v ; 9 
650 0 0 |a Tourism. 
830 0 |a Cahiers du tourisme. Serie B ;  |v ; 9 
852 |a INST  |b CHIOS  |e 19960621  |h 338.4791 TOU  |p 005200007596  |q 005200007596  |t BK  |y 0 
909 |a Χ  |b 032496